[Event "SVK-chT2D 1920"]
[Site "Slovakia"]
[Date "2020.01.26"]
[Round "7.8"]
[White "Mikitka, Adrian"]
[Black "Durica, Daniel"]
[Result "0-1"]
[WhiteElo "1367"]
[BlackElo "1917"]
[PlyCount "60"]
[EventDate "2019.10.26"]
[EventType "team-tourn"]
[EventRounds "11"]
[EventCountry "SVK"]
[SourceTitle "CBM 194 Extra"]
[Source "ChessBase"]
[SourceDate "2020.03.31"]
[SourceVersion "1"]
[SourceVersionDate "2020.03.31"]
[SourceQuality "1"]
[WhiteTeam "Stropkov/Svidnik"]
[BlackTeam "Presov Tatran Dason"]
[WhiteTeamCountry "SVK"]
[BlackTeamCountry "SVK"]

1. e4 Nf6 2. Nc3 d5 3. e5 d4 4. exf6 dxc3 5. bxc3 exf6 6. h3 Bd6 7. Nf3 0-0 8. Be2 c5 9. 0-0 Nc6 10. Re1 Be6 11. d3 Rc8 12. c4 Bb8 13. Bb2 Qd6 14. a4 Rfd8 15. Bc3 Qc7 16. Qc1 b6 17. Rb1 Bd7 18. Qd2 a5 19. Rb2 Nb4 20. Bxb4 axb4 21. Ra2 Bc6 22. g3 Qd7 23. Kg2 Bxa4 24. Rb2 Bc6 25. Kh2 Qf5 26. Qd1 Be5 27. Rb1 Bc3 28. Rg1 Re8 29. Kg2 Re7 30. Rb3 Rce8 0-1